00635 a2200169 4500010001400000020002300014035001300037037001500050082001500065100002100080245012800101260005400229270007200283300002800355500005000383700003200433 aENG-88456 a8189652230c600.00 aEN-71989 bDBAD / PUB14a343.540999 aChansoria, Divya1 aInformation technology act, 2000:cby Divya Chansoria [and] Rajeshwar Ashok Srivastavaba conceptual paradigm shift in law/ aDelhibVista International Publishing Housec2006 aV-196, Near Shiv Sadhna Mandir, C-11, Yamuna Vihar,cDelhie110 053 aviii, 256p.c22cm (Hb) aIncludes bibliographical references and index aSrivastava, Rajeshwar Ashok